| 000 | 00888nam a2200277Ia 4500 | ||
|---|---|---|---|
| 003 | OSt | ||
| 005 | 20221005062254.0 | ||
| 006 | a|||||r|||| 00| 0 | ||
| 007 | ta | ||
| 008 | 221004b |||||||| |||| 00| 0 eng d | ||
| 020 |
_a9781138811591 (pbk) _cUKP 34.99 |
||
| 024 | _a34491 | ||
| 037 |
_b1061340, 13/09/2017, Atlantic Publisher & Dist. Pvt Ltd. _cTextual |
||
| 040 |
_aCRL _cCRL _beng |
||
| 041 |
_2eng _aeng |
||
| 082 | _aS1, Q7 | ||
| 100 |
_aSlaughter Virginia Ed. _9601611 |
||
| 245 | 0 | _aTheory of mind development in context | |
| 260 |
_aLondon _bRoutledge UK _c2017 |
||
| 300 |
_axxi,160p. _ccm. |
||
| 650 | _a MIND | ||
| 650 | _aCHILD PSYCHOLOGY | ||
| 700 |
_a Rosnay Marc de Ed. _9601612 |
||
| 942 |
_hS1, Q7 _cTEXL _2cc |
||
| 999 |
_c969420 _d969420 |
||